Biggest Cities in Portugal on a Map - Statistics

General Stats
  • This quiz has been taken 310 times
  • The average score is 13 of 25
Answers on the Map
Answers color-coded by a green-red scale on the quiz's map according to % correct below.
 
Answer Stats
Population City % Correct
552,700 Lisbon
100%
237,591 Porto
100%
136,885 Braga
84%
47,575 Faro
83%
105,842 Coimbra
81%
111,541 Funchal
74%
98,131 Setúbal
71%
186,502 Vila Nova de Gaia
60%
60,058 Aveiro
54%
41,898 Évora
53%
175,136 Amadora
50%
57,975 Viseu
47%
40,661 Ponta Delgada
44%
50,533 Leiria
43%
96,404 Almada
42%
47,588 Guimarães
41%
40,658 Portimão
37%
49,486 Matosinhos
30%
63,353 Barreiro
27%
75,169 Queluz
26%
79,805 Agualva-Cacém
25%
43,127 Loures
23%
56,847 Odivelas
23%
64,815 Rio Tinto
20%
40,513 Amora
14%
No matching quizzes found
Score Distribution
Percent of People with Each Score
Percentile by Number Answered
Your Score History
You have not taken this quiz